Loading...
| Science - Other | 1 | 5 | 1 | 0 | 60 | 44 | 65.83 | 5 | 6 | 0.00 | 0.00 |
| Science - Physics | 3 | 2 | 2 | 0 | 55 | 26 | 63.60 | 3 | 5 | 0.00 | 0.00 |
| Science - Chemistry | 1 | 3 | 0 | 0 | 45 | 64 | 87.00 | 1 | 4 | 0.00 | 0.00 |
| Science - Biology | 0 | 4 | 3 | 1 | 25 | 67 | 85.50 | 2 | 4 | 0.00 | 0.00 |
| Philosophy | 1 | 0 | 0 | 0 | 15 | 47 | 47.00 | 1 | 1 | 0.00 | 0.00 |
| Pop Culture | 1 | 0 | 0 | 0 | 15 | 22 | 22.00 | 1 | 1 | 0.00 | 0.00 |
| Religion | 0 | 2 | 1 | 1 | 15 | 106 | 119.50 | 1 | 2 | 0.00 | 0.00 |
| Current Events | 0 | 1 | 0 | 0 | 10 | 74 | 74.00 | 0 | 1 | 0.00 | 0.00 |
| Fine Arts - Other | 0 | 1 | 0 | 0 | 10 | 93 | 93.00 | 1 | 1 | 0.00 | 0.00 |
| Literature - World | 0 | 1 | 0 | 0 | 10 | 96 | 96.00 | 1 | 1 | 0.00 | 0.00 |
| Mythology | 0 | 1 | 1 | 1 | 5 | 154 | 154.00 | 0 | 1 | 0.00 | 0.00 |
| Religion- | 0 | 0 | 1 | 0 | -5 | 0.00 | 0 | 0 | 0.00 | 0.00 | |
| Social Science | 0 | 0 | 1 | 0 | -5 | 0.00 | 0 | 0 | 0.00 | 0.00 |